| 000 | 00427nam a2200169Ia 4500 | ||
|---|---|---|---|
| 005 | 20250508153146.0 | ||
| 008 | 008 250505s9999 xx 000 0 eng d | ||
| 037 | _aTextual | ||
| 040 |
_aFEDL _beng _cFEDL |
||
| 041 |
_aeng _2eng |
||
| 084 |
_a909, CHA _qFEDL |
||
| 100 |
_aChaudhuri P C _9763279 |
||
| 245 | 0 | _aScience and progress | |
| 300 | _a130p. | ||
| 942 |
_cTEXL _h909, CHA |
||
| 999 |
_c1340945 _d1340945 |
||